000 00471nam a2200181Ia 4500
008 151202s9999||||xx |||||||||||||| ||und||
082 _bPNVM-30000
100 _aFITZGERALD (PEREY).
245 _aRUBAIYAT OF OMAR KHAYYAM.
260 _b"PAN BOOKS,LONDON."
260 _c1969
300 _a320
600 _aFITZGERALD (PEREY).
630 _aRUBAIYAT OF OMAR KHAYYAM.
700 _aFITZGERALD (PEREY).
730 _aRUBAIYAT OF OMAR KHAYYAM.
942 _cBOOK
999 _c1295963
_d1295960